Le petit prince /

Đã lưu trong:
Chi tiết về thư mục
Tác giả chính: Saint-Exupéry, Antoine de (texto e ilustración)
Định dạng: Sách
Ngôn ngữ:Tiếng Pháp
Được phát hành: París, Francia : Gallimard, 1947, c1946
Các nhãn: Thêm thẻ
Không có thẻ, Là người đầu tiên thẻ bản ghi này!

MARC

LEADER 00000nam^a2200000^a^4500
001 000573139
005 20250521000000.0
009 20260310132323.266
037 |a Acervo Xavier Clavigero 
041 |a FRA 
091 |a FPA. 04133 
100 |a Saint-Exupéry, Antoine de  |e (texto e ilustración) 
245 1 3 |a Le petit prince / 
264 4 |a París, Francia :  |b Gallimard,  |c 1947, c1946 
300 |a 93 p. 
336 |a texto  |b txt  |2 rdacontenido 
337 |a sin mediación  |b n  |2 rdamedio 
338 |a volumen  |b nc  |2 rdasoporte 
649 |a XX 
910 |a Fondo José Ignacio Palencia Gómez S.J. 
920 |a Impresos - Libros 
930 |a Fondos Especiales 
940 |a Literatura 
905 |a 137 
901 |a 0500361365  |b IT2  |c ESL  |i D  |u 20250521 
902 |a https://opac.biblio.iteso.mx/vufind/Record/000573139